Aprender a leer
Enregistré dans:
| Auteurs principaux: | , |
|---|---|
| Format: | Livre |
| Langue: | espagnol |
| Publié: |
Ciudad de México
Grijalbo
1990
|
| Sujets: | |
| Tags: |
Ajouter un tag
Pas de tags, Soyez le premier à ajouter un tag!
|
MARC
| LEADER | 00000nam a2200000 a 4500 | ||
|---|---|---|---|
| 001 | UCY4771 | ||
| 003 | CL-VaPUC | ||
| 008 | 950328e19900000MX |||||||||||||||||spa|d | ||
| 082 | 0 | 4 | |a 372.414 |b BET |2 21 |
| 100 | 0 | |a Bettelheim, Bruno |e author |9 333255 | |
| 700 | 0 | |a Zelan, Karen |e author |9 333256 | |
| 245 | 1 | 0 | |a Aprender a leer |
| 300 | |a 294 p | ||
| 942 | |c BK | ||
| 945 | |d 19950328 00:00:00 |a rbrito | ||
| 260 | |a Ciudad de México |b Grijalbo |c 1990 | ||
| 650 | 0 | |a Lectura |9 307634 | |
| 650 | 0 | |a Métodos de estudio |9 260518 | |
| 583 | |a last modification |c 19950328 00:00:00 |k Rodrigo Vera | ||
| 999 | |c 232539 |d 232537 | ||
| 952 | |0 0 |1 0 |4 0 |6 372_414000000000000_BET_1990 |7 0 |8 A |9 237214 |a FDOPOS |b FDOPOS |d 2019-11-15 |i 3069273 |o 372.414 BET 1990 |p 3069273 |r 2025-01-22 |w 2019-11-15 |y BK |k MLA | ||
| 952 | |0 0 |1 0 |4 0 |6 372_414000000000000_BET_1990 |7 0 |8 A |9 237215 |a FDOPOS |b FDOPOS |d 2019-11-15 |i 3149595 |o 372.414 BET 1990 |p 3149595 |r 2025-01-22 |w 2019-11-15 |y BK |k MLA | ||